000 00495nam a22002297a 4500
003 UA-OsUOA
001 120738
007 ta
008 20170214b un ||||| |||| 00| 0 ukr d
100 _aЯновський Ю.
090 _a821.161.2
_bЯ64
942 _cBK
040 _aUA-OsUOA
_bukr
_cUA-OsUOA
_dUA-OsUOA
245 _aВершники
300 _a279 С.
955 _a3
041 _aukr
080 _a821.161.2
260 _aК.
_c1980
650 7 _2UDC
999 _c406754
_d406754